000 00282nam a22001217a 4500
082 _a000
_bARO/C
100 _aSUMITA ARORA
245 _aCOMPUTER SCIENCE C++
_bCLASS XI
260 _aDELHI
_bDHANPAT RAI & CO
_c2008
300 _a488
650 _aSC FOR CLASS XI C++
_zINDIA
942 _cBK
999 _c565
_d565